00870cam a2200241u 4500001000800000005001700008008004100025010001700066040001900083050002000102082001900122100003800141245006800179260004500247300003800292500003400330600005400364650002300418700004600441942001200487999001700499952011200516784596720080606161319.0821210s1940 enkc |r 000 0aeng d a 40007191  aDLCcCarPdDLC00aJC177b.A5 1940 222a211.5bPAS1 aPaine, Thomas,d1737-1809.91082214aThe Living Thoughts of Tom Paine/cPresented by John Dos Passos aLondon:bCassell and company, 1940c1940 a 178 p.:bfront. (port.);c19 cm. aDonmated by: ALaa Abdel Ghany 910820aPaine, Thomasd1737-1809.t Age of reason. 0aRationalism9108212 aDos Passos, John,d1896-1970,eed.910823 2ddccBB c13244d13244 00102ddc40708 aMAINbMAINcLOWd2010-02-01eDonationl0o211.5 PASp000019501r2025-07-15 00:00:00yBB